LEADER 01088cam2 2200265 450 001 E600200037383 005 20200831103456.0 100 $a20080529d1981 |||||ita|0103 ba 101 $ager 102 $aDE 200 1 $a<<6: Der >>alte Mann mit der jungen Frau - Kampl - Frühere Verhältnisse - Häuptling Abendwind - Szenenreihe - Couplets$fJohann Nestroy 205 $a2. Aufl. 210 $aFrankfurt am Main$cInsel Verlag$d1981 215 $a313 p.$d18 cm 461 1$1001SOBE00064299$12001 $aKomödien : Ausgabe in sechs Bänden / Johann Nestroy ; hrsg. von Franz H. Mautner 700 1$aNestroy$b, Johann$3A600200048414$4070$0444651 801 0$aIT$bUNISOB$c20200831$gRICA 850 $aUNISOB 852 $aUNISOB$j830$m38043 912 $aE600200037383 940 $aM 102 Monografia moderna SBN 941 $aM 957 $a830$b000136$gSi$d38043$racquisto$1beth$2UNISOB$3UNISOB$420080529094956.0$520200831103348.0$6bethb 996 $aAlte Mann mit der jungen Frau - Kampl - Frühere Verhältnisse - Häuptling Abendwind - Szenenreihe - Couplets$91755235 997 $aUNISOB LEADER 01057cam1 22002531 450 001 SOBE00075103 005 20230224102448.0 100 $a20230224d1792 |||||ita|0103 ba 101 $aita 102 $aIT 200 1 $a<>spirito di S. Francesco di Sales vescovo e principe di Ginevra raccolto da diversi scritti di monsignor Gio. Pietro Camus ... Tradotto dal francese in volgare italiano 210 $aIn Venezia$cappresso Domenico Santarello$d1792 215 $a2 volumi$d12° 300 $aFregio sui frontespizi 463 1$1001SOBE00075105$12000 $a1 620 $dVenezia$9SOBA00017195 700 1$aCamus$b, Jean Pierre <1584-1652>$3SOBA00026888$4070$0172880 712 02$a*Santarello, *Domenico$3SOBA00026887$4650 801 0$aIT$bBEM$c20230224$gRICA 912 $aSOBE00075103 940 $aM 103 Monografia antica SBN 941 $aM 996 $aSpirito di S. Francesco di Sales vescovo e principe di Ginevra raccolto da diversi scritti di monsignor Gio. Pietro Camus ... Tradotto dal francese in volgare italiano$93018314 997 $aUNISOB